| 000 | 00000nam##2200000za#4500 |
| 001 | 9.698373 |
| 003 | CaOODSP |
| 005 | 20220901140052 |
| 007 | cr ||||||||||| |
| 008 | 150407|2005||||xxc|||||o f|0| 0 eng|d |
| 040 | |aCaOODSP|beng |
| 043 | |an-cn--- |
| 086 | 1 |aJ22-21/2005E-PDF |
| 110 | 1 |aCanada.|bJustice Canada. |
| 245 | 14|aThe use of custody under the Youth Criminal Justice Act / |h[electronic resource]|cprepared for Youth Justice Policy, Department of Justice Canada, by Anthony N. Doob and Jane B. Sprott. |
| 260 | |bJustice Canada |c1 October 2005. |
| 300 | |a15p.|bfigs., references, tables |
| 590 | |a13-20-Supp|b2013-08-30 |
| 775 | 08|tLe recours au placement sous garde en vertu de la Loi sur le système de justice pénale pour les adolescents / |w(CaOODSP)9.642385 |
| 856 | 40|ahttp://publications.gc.ca|qPDF|s230 KB|uhttps://publications.gc.ca/collections/collection_2013/jus/J22-21-2005-eng.pdf |